00685nam a2200193 a 45000010008000000080041000080100013000490200015000620500022000771100015000992450129001142600040002433000026002834900028003095000040003376500015003776500045003926500054004372034087150616s1993 ||||||||||||||||| || u a92046609 a0821323180 aIBRD(06)PP/1993/1 aWorld Bank14aThe World Bank's role in the electric power sector : policies for effective institutional, regulatory, and financial reform. aWashington, D.C.bWorld Bankcc1993 a84 p. : ill. ; 23 cm. aWorld Bank policy paper aIncludes bibliographical references aWORLD BANK aELECTRIC UTILITIES--DEVELOPING COUNTRIES aELECTRIC UTILITIES--DEVELOPING COUNTRIES--FINANCE